000 01445nam a2200289 u 4500
001 000447579
003 AM-YeHGA
005 20250618072452.0
008 050613s2005 ai |||||||||||||||||arm|d
040 _aAM-YeHGA
041 1 _aarm
_hfre
080 _a84.1
100 1 _aԱզնավուր, Շառլ,
_d1924-
245 1 0 _aՇ. Ազնավուր: Երգեր =
_bCharles Aznavour. Chansons /
_cՇ. Ազնավուր; Խմբագիր՝ Գ. Իսրայելյան; Թարգմանություն՝ Ս. Գասպարյան; Նկարիչ՝ Մ. Շահբազյան.
246 1 5 _aCharles Aznavour
_bChansons
260 _aԵրևան :
_bԱրեգ,
_c2005.
300 _a112 էջ, :
_bլուսանկ. ;
_c17 սմ.
500 _aՆվիրվում է Շ. Ազնավուրի ծննդյան 80-ամյակին
500 _a«Ազնավուրը՝ ծանոթ և անծանոթ» (կյանքի նշանակալից տարեթվեր ), էջ՝ 95-98
504 _aԱլբոմներ, DVD-ներ, էջ՝ 100; Ֆիլմեր, էջ՝ 101-104; Ներկայացումներ, էջ՝ 105
650 1 4 _aՖրանսիական գրականություն
_xՊոեզիա
653 0 _aԱյլալեզու հայ գրողներ
700 1 _aԻսրայելյան, Գարիկ Գուրգենի,
_d1948-
_eխմբ.
_4edt
_93579
700 1 _aՇահբազյան, Մ.
_eնկ.
_4art
700 1 _aԳասպարյան, Սեդա Քերոբի,
_d1946-
_eթարգմ.
_4trl
_93223
090 _c164641
999 _c163225
_d163225